Ti-kuo Chu-yi Tsai Hua Tou Tzu (Record no. 1078015)
[ view plain ]
| 000 -LEADER | |
|---|---|
| fixed length control field | 00648nam a2200253Ia 4500 |
| 003 - CONTROL NUMBER IDENTIFIER | |
| control field | OSt |
| 005 - DATE AND TIME OF LATEST TRANSACTION | |
| control field | 20221006143755.0 |
| 008 - FIXED-LENGTH DATA ELEMENTS--GENERAL INFORMATION | |
| fixed length control field | 221006b |||||||| |||| 00| 0 chi d |
| 037 ## - SOURCE OF ACQUISITION | |
| Terms of availability | Textual |
| 040 ## - CATALOGING SOURCE | |
| Original cataloging agency | EASL |
| Transcribing agency | EASL |
| Language of cataloging | chi |
| 041 ## - LANGUAGE CODE | |
| Source of code | chi |
| Language code of text/sound track or separate title | chi |
| 100 ## - MAIN ENTRY--PERSONAL NAME | |
| Personal name | KUEI Tse-Chu |
| 9 (RLIN) | 650360 |
| 245 #0 - TITLE STATEMENT | |
| Title | Ti-kuo Chu-yi Tsai Hua Tou Tzu |
| 260 ## - PUBLICATION, DISTRIBUTION, ETC. | |
| Place of publication, distribution, etc. | Peking |
| Name of publisher, distributor, etc. | Hsin Hua Shu Tien |
| Date of publication, distribution, etc. | 1954 |
| 300 ## - PHYSICAL DESCRIPTION | |
| Extent | 30p. |
| Dimensions | cm. |
| 490 ## - SERIES STATEMENT | |
| Volume/sequential designation | CL |
| 942 ## - ADDED ENTRY ELEMENTS (KOHA) | |
| Classification part | X65.410r1.N4, J4 |
| Koha item type | Textual |
| Source of classification or shelving scheme | Colon Classification (CC) |
| Withdrawn status | Lost status | Source of classification or shelving scheme | Damaged status | Not for loan | Home library | Current library | Date acquired | Cost, normal purchase price | Serial Enumeration / chronology | Total Checkouts | Full call number | Barcode | Date last seen | Cost, replacement price | Price effective from | Koha item type |
|---|---|---|---|---|---|---|---|---|---|---|---|---|---|---|---|---|
| Colon Classification (CC) | Department of East Asian Studies Library | Department of East Asian Studies Library | 2022-10-06 | 2.00 | CL | X65.410r1.N4 J4 | EAS007925 | 2022-10-06 | 2.00 | 2022-10-06 | Textual |
